00274nam a2200109Ia 4500100002800000654001900028245003100047260004800078082001800126300000800144546001200152 aSpalding/D.B/ Cole/E.H  athermodynamics aEngineering thermodynamics bEnglish language book societyaLondonc1985 a621.4021bSPA a445 aENGLISH